000 00288nam a2200133Ia 4500
100 _aBlack/Pery/O
942 _cBK
654 _aTool makers.
245 _aTool makers handy book.
260 _bTaraporevala Sons & Co
_c2001
082 _a621.9024
300 _a374
546 _aENGLISH
999 _c21561
_d21561